[Event "ESP-ch 89th"]
[Site "Marbella"]
[Date "2024.12.19"]
[Round "9"]
[White "Rodriguez Dogmoch, Kyran"]
[Black "Santos Martinez, Guillermo"]
[Result "0-1"]
[WhiteElo "1979"]
[BlackElo "2072"]
[PlyCount "26"]
[EventDate "2024.12.11"]
[EventType "swiss"]
[EventRounds "9"]
[EventCountry "ESP"]
[SourceTitle "CB52_2024"]
[SourceDate "2024.12.25"]
[SourceVersion "1"]
[SourceVersionDate "2024.12.25"]
[SourceQuality "1"]

1. e4 c6 2. Nc3 d5 3. Nf3 dxe4 4. Nxe4 Nf6 5. Qe2 Nxe4 6. Qxe4 Nd7 7. Bc4 Nf6 8. Ne5 e6 9. Qe2 b5 10. Bd3 Qc7 11. b3 Nd5 12. Bb2 Nf4 13. Qe3 Nxg2+ 0-1

[Event "ESP-ch 89th"]
[Site "Marbella"]
[Date "2024.12.18"]
[Round "8"]
[White "Santos Martinez, Guillermo"]
[Black "Prado Acebo, Ines"]
[Result "0-1"]
[WhiteElo "2072"]
[BlackElo "2200"]
[PlyCount "92"]
[EventDate "2024.12.11"]
[EventType "swiss"]
[EventRounds "9"]
[EventCountry "ESP"]
[SourceTitle "CB52_2024"]
[SourceDate "2024.12.25"]
[SourceVersion "1"]
[SourceVersionDate "2024.12.25"]
[SourceQuality "1"]

1. d4 d5 2. c4 e6 3. Nc3 Nf6 4. cxd5 exd5 5. Bg5 Bb4 6. e3 h6 7. Bh4 g5 8. Bg3 Ne4 9. Rc1 h5 10. f3 Bxc3+ 11. bxc3 Nxg3 12. hxg3 Qd6 13. Kf2 Nc6 14. c4 h4 15. gxh4 gxh4 16. Ne2 dxc4 17. Rxc4 Be6 18. d5 Bxd5 19. Rcxh4 Rxh4 20. Rxh4 0-0-0 21. Qa4 Qf6 22. Rf4 Qb2 23. Kg1 Bxa2 24. Nd4 Qd2 25. Nxc6 Qxe3+ 26. Kh2 Rh8+ 27. Rh4 Rxh4+ 28. Qxh4 bxc6 29. Qf6 Kd7 30. Qf5+ Be6 31. Qc2 Qf4+ 32. Kg1 Qd4+ 33. Kh2 a5 34. Bd3 a4 35. Be4 Qd6+ 36. g3 a3 37. Bf5 Qd4 38. Bxe6+ fxe6 39. Kh3 Qh8+ 40. Kg4 Qb2 41. Qd3+ Ke7 42. f4 a2 43. Qh7+ Kd6 44. Qd3+ Kc5 45. Qe3+ Kb5 46. Qd3+ Kb6 0-1

[Event "ESP-ch 89th"]
[Site "Marbella"]
[Date "2024.12.12"]
[Round "2"]
[White "Santos Martinez, Guillermo"]
[Black "Cujba, Anca Claudia"]
[Result "1-0"]
[WhiteElo "2072"]
[BlackElo "1770"]
[PlyCount "91"]
[EventDate "2024.12.11"]
[EventType "swiss"]
[EventRounds "9"]
[EventCountry "ESP"]
[SourceTitle "CB52_2024"]
[SourceDate "2024.12.25"]
[SourceVersion "1"]
[SourceVersionDate "2024.12.25"]
[SourceQuality "1"]

1. d4 Nf6 2. c4 g6 3. Nc3 Bg7 4. e4 d6 5. Nf3 0-0 6. Bg5 h6 7. Bh4 Na6 8. h3 c5 9. d5 Qa5 10. Qd2 Re8 11. Be2 e6 12. 0-0 exd5 13. Bxf6 Bxf6 14. Nxd5 Qd8 15. Qf4 Bxb2 16. Rad1 Kg7 17. Ne3 Re6 18. Ng4 g5 19. Qg3 Qe7 20. h4 Rg6 21. hxg5 Bxg4 22. Qxg4 hxg5 23. e5 Bxe5 24. Bd3 Rh6 25. Nxg5 Bh2+ 26. Kh1 Bf4+ 27. Nh3+ Qg5 28. Qxg5+ Bxg5 29. f4 Bf6 30. Be4 Rb8 31. Rxd6 Nb4 32. a3 Nc6 33. Rb1 Re8 34. Bd5 Re7 35. Rb3 Re1+ 36. Kh2 Re7 37. Bxc6 bxc6 38. Rxc6 Bd4 39. Rg3+ Rg6 40. Rgxg6+ fxg6 41. Ng5 Kg8 42. Rxg6+ Kf8 43. Re6 Rb7 44. Ra6 Be3 45. Kg3 Ke7 46. Re6+ 1-0

[Event "ESP-ch 89th"]
[Site "Marbella"]
[Date "2024.12.11"]
[Round "1"]
[White "Horcajuelo Rocamora, Martin"]
[Black "Santos Martinez, Guillermo"]
[Result "1-0"]
[WhiteElo "2399"]
[BlackElo "2072"]
[PlyCount "133"]
[EventDate "2024.12.11"]
[EventType "swiss"]
[EventRounds "9"]
[EventCountry "ESP"]
[SourceTitle "CB52_2024"]
[SourceDate "2024.12.25"]
[SourceVersion "1"]
[SourceVersionDate "2024.12.25"]
[SourceQuality "1"]

1. d4 d5 2. c4 e6 3. Nf3 Nf6 4. Nc3 a6 5. cxd5 exd5 6. Bg5 Be6 7. e3 Nbd7 8. Rc1 Bd6 9. Bd3 h6 10. Bh4 c6 11. 0-0 0-0 12. h3 Qc7 13. Qe1 Rfe8 14. Nd2 g5 15. Bg3 Rad8 16. Bxd6 Qxd6 17. f4 gxf4 18. Rxf4 c5 19. Qh4 cxd4 20. exd4 Kg7 21. Rcf1 Qe7 22. R1f3 Ne4 23. Qxe7 Rxe7 24. Ndxe4 dxe4 25. Bxe4 Nb6 26. Rg3+ Kf8 27. Rd3 Red7 28. Bf3 Nc4 29. d5 Ne5 30. Re3 Nxf3+ 31. Rexf3 Rxd5 32. Nxd5 Rxd5 33. a3 Ke7 34. Re3 Kd6 35. Kf2 b5 36. Ke2 Rg5 37. Rd3+ Ke5 38. Ke3 Rxg2 39. Rf2 Rg7 40. Kd2 Bd5 41. Re2+ Kd6 42. Re8 Rg5 43. Ra8 Rg2+ 44. Kc3 Ke5 45. Rxa6 Be4 46. Rd7 Rg3+ 47. Kb4 Rxh3 48. Rxf7 Bd5 49. Rf2 Rh4+ 50. Kc5 Bc4 51. Ra8 Ke4 52. Re8+ Kd3 53. Rd8+ Ke3 54. Rf6 h5 55. Rg6 Re4 56. Rg5 Be2 57. Rh8 Rc4+ 58. Kb6 Rc2 59. b4 Ra2 60. Ra8 h4 61. Rh8 Kf4 62. Rg2 Kf3 63. Rh2 Kg3 64. R2xh4 Bf3 65. Rh3+ Kg4 66. R8h4+ Kg5 67. Rxf3 1-0

[Event "Hradec Kralove op 13th"]
[Site "Hradec Kralove"]
[Date "2023.11.06"]
[Round "3"]
[White "Santos Martinez, Guillermo"]
[Black "Svoboda, Frantisek"]
[Result "1-0"]
[WhiteElo "2112"]
[BlackElo "1628"]
[PlyCount "67"]
[EventDate "2023.11.04"]
[EventType "swiss"]
[EventRounds "9"]
[EventCountry "CZE"]
[SourceTitle "CBM 217 Extra"]
[Source "ChessBase"]
[SourceDate "2024.01.31"]
[SourceVersion "1"]
[SourceVersionDate "2024.01.31"]
[SourceQuality "1"]

1. d4 d6 2. c4 e5 3. dxe5 dxe5 4. Qxd8+ Kxd8 5. Nc3 Be6 6. b3 Nd7 7. Bb2 c6 8. 0-0-0 Kc7 9. Nf3 f6 10. e3 Nh6 11. h3 Be7 12. Bd3 Nf7 13. Bc2 g6 14. g4 Rad8 15. Kb1 Rhe8 16. Nd5+ cxd5 17. cxd5 Bxd5 18. Rxd5 Nb6 19. Rxd8 Rxd8 20. g5 Nd7 21. gxf6 Bxf6 22. h4 Re8 23. Nd2 Nd6 24. Ne4 Nxe4 25. Bxe4 Bh8 26. Rc1+ Kb8 27. Ba3 Nf6 28. Bd6+ Ka8 29. Bg2 e4 30. Bh3 Nd5 31. Rc5 Nc3+ 32. Kc2 Rd8 33. Be7 b6 34. Rxc3 1-0

[Event "ESP-chT Rapid"]
[Site "Toledo"]
[Date "2022.09.24"]
[Round "2"]
[White "Tejedor Fuente, Enrique"]
[Black "Santos Martinez, Guillermo"]
[Result "0-1"]
[WhiteElo "2384"]
[BlackElo "2006"]
[PlyCount "186"]
[EventDate "2022.09.24"]
[EventType "team-swiss (rapid)"]
[EventRounds "9"]
[EventCountry "ESP"]
[SourceTitle "CBM 210 Extra"]
[Source "ChessBase"]
[SourceDate "2022.11.30"]
[SourceVersion "1"]
[SourceVersionDate "2022.11.30"]
[SourceQuality "1"]
[WhiteTeam "Solvay"]
[BlackTeam "Promesas de Valladolid"]
[WhiteTeamCountry "ESP"]
[BlackTeamCountry "ESP"]

1. e4 c6 2. Nf3 d5 3. d3 dxe4 4. dxe4 Qxd1+ 5. Kxd1 Nf6 6. Nbd2 Bg4 7. Be2 Nbd7 8. Ne1 Bxe2+ 9. Kxe2 0-0-0 10. f3 g6 11. a4 Bg7 12. Nd3 h5 13. Nc4 Ne8 14. Bg5 Bf6 15. Be3 Kb8 16. Bf4+ Ka8 17. Ra3 g5 18. Be3 Nd6 19. Nxd6 exd6 20. Kf2 g4 21. h4 gxf3 22. gxf3 Ne5 23. Nxe5 Bxe5 24. c3 d5 25. exd5 cxd5 26. Rd1 Rhg8 27. Bd4 Bg3+ 28. Ke3 Bxh4 29. Rh1 Be7 30. Raa1 h4 31. a5 Rg2 32. a6 b6 33. f4 Rdg8 34. Rh3 Rxb2 35. Kf3 Rb3 36. f5 Bc5 37. Be5 d4 38. Ke4 dxc3 39. Rxc3 Rxc3 40. Bxc3 Bf2 41. Rh1 Bg3 42. Bf6 Rg4+ 43. Ke3 Ra4 44. Rd1 Rxa6 45. Rd8+ Kb7 46. Rd7+ Kc6 47. Rxf7 Ra3+ 48. Ke4 Ra4+ 49. Ke3 h3 50. Rh7 h2 51. Kf3 Bd6 52. Rh6 Rf4+ 53. Kg2 Rxf5 54. Be7 Rd5 55. Bxd6 Rxd6 56. Rh7 a5 57. Kf3 Rd2 58. Ke3 Ra2 59. Kd3 Rg2 60. Kc3 Kb5 61. Rh4 a4 62. Rh5+ Ka6 63. Kb4 Rg4+ 64. Ka3 b5 65. Rxh2 Ka5 66. Rh5 Rg3+ 67. Ka2 Rc3 68. Rh4 Rc4 69. Rh2 Kb4 70. Rb2+ Kc5 71. Rh2 b4 72. Rh5+ Kb6 73. Rh6+ Rc6 74. Rh8 Rc2+ 75. Kb1 Rg2 76. Rh6+ Kc5 77. Rh5+ Kd4 78. Rh4+ Kc3 79. Rh3+ Kd2 80. Kb2 Kd1+ 81. Kb1 b3 82. Rh1+ Kd2 83. Kb2 Kd3+ 84. Ka1 Kc3 85. Rh3+ Kb4 86. Rh4+ Ka3 87. Rh1 Rg4 88. Kb1 Kb4 89. Rf1 a3 90. Ka1 a2 91. Kb2 Rg2+ 92. Ka1 Ka3 93. Rf2 Rg1+ 0-1

[Event "Valladolid Para Club Piolin V"]
[Site "Valladolid"]
[Date "2014.07.05"]
[Round "3.2"]
[White "Hernandez Velasco, Jesus"]
[Black "Santos Martinez, Guillermo"]
[Result "0-1"]
[WhiteElo "1587"]
[BlackElo "1782"]
[PlyCount "70"]
[EventDate "2014.07.04"]
[EventType "swiss"]
[EventRounds "5"]
[EventCountry "ESP"]
[SourceTitle "EXT 2024"]
[Source "ChessBase"]
[SourceDate "2023.10.10"]
[SourceVersion "1"]
[SourceVersionDate "2023.10.10"]
[SourceQuality "1"]

1. e4 c5 2. Nf3 Nc6 3. d4 cxd4 4. Nxd4 Nf6 5. Nc3 e5 6. Nxc6 bxc6 7. Bd3 Bb4 8. Bd2 d5 9. exd5 cxd5 10. 0-0 0-0 11. Bg5 Bxc3 12. bxc3 Bb7 13. Qe2 e4 14. Bb5 a6 15. Ba4 Qd6 16. Bb3 a5 17. a4 Qe5 18. Bxf6 Qxf6 19. Qe3 Rfc8 20. Qd4 Rxc3 21. Qxf6 gxf6 22. Rad1 Rd8 23. Rd4 f5 24. Rfd1 Rc5 25. c4 Ba6 26. Kf1 Rb8 27. Ba2 Rb2 28. R1d2 Rb4 29. Ke2 Bxc4+ 30. Bxc4 dxc4 31. Rc2 Rxa4 32. Rc3 Rb4 33. Rd8+ Kg7 34. Rg3+ Kf6 35. Rh3 c3 0-1

[Event "Valladolid Piolin CC op 5th"]
[Site "Valladolid"]
[Date "2012.08.20"]
[Round "5"]
[White "Santos Martinez, Guillermo"]
[Black "Fernandez Velasquez, Julian Felix"]
[Result "0-1"]
[WhiteElo "1666"]
[BlackElo "1872"]
[PlyCount "122"]
[EventDate "2012.08.06"]
[EventType "swiss"]
[EventRounds "8"]
[EventCountry "ESP"]
[SourceTitle "EXT 2014"]
[Source "ChessBase"]
[SourceDate "2013.11.20"]
[SourceVersion "1"]
[SourceVersionDate "2013.11.20"]
[SourceQuality "1"]

1. d4 b5 2. e4 Bb7 3. d5 a6 4. c4 bxc4 5. Bxc4 e6 6. Nc3 c6 7. Nf3 cxd5 8. exd5 Qc7 9. Qe2 Nf6 10. 0-0 Bd6 11. Bg5 Be7 12. Bxf6 gxf6 13. Rfe1 e5 14. Rad1 d6 15. Bb3 Nd7 16. Ne4 Bc8 17. Rc1 Qb8 18. Rc2 0-0 19. Nfd2 Nb6 20. Rc3 Bf5 21. Rec1 Bg6 22. Rc6 f5 23. Ng3 Bg5 24. R1c3 Rd8 25. a4 a5 26. Nf3 Bf6 27. Qb5 Nc8 28. R3c4 Na7 29. Qxb8 Raxb8 30. Ra6 Nc8 31. Bc2 Rxb2 32. Nxf5 Nb6 33. Rc6 Nxd5 34. Ne1 Nb4 35. Rcb6 Nxa6 36. Rxb2 Nb4 37. Nh6+ Kf8 38. Bxg6 hxg6 39. Ng4 Bg7 40. Kf1 f5 41. Ne3 d5 42. N1c2 e4 43. Rb1 Nxc2 44. Nxc2 Rc8 45. Ne1 Rc5 46. Ke2 Bc3 47. f3 d4 48. fxe4 fxe4 49. Rb8+ Kf7 50. Rb7+ Kf6 51. Rb6+ Kf5 52. g4+ Kxg4 53. Rxg6+ Kf5 54. Rg1 Bxe1 55. Rxe1 Rc2+ 56. Kf1 Rxh2 57. Kg1 Ra2 58. Kh1 d3 59. Kg1 Kf4 60. Kh1 e3 61. Kg1 Rxa4 0-1

[Event "Valladolid Piolin CC op 5th"]
[Site "Valladolid"]
[Date "2012.08.13"]
[Round "3"]
[White "Fernandez de la Fuente, Jose Antonio"]
[Black "Santos Martinez, Guillermo"]
[Result "1-0"]
[WhiteElo "1746"]
[BlackElo "1666"]
[PlyCount "49"]
[EventDate "2012.08.06"]
[EventType "swiss"]
[EventRounds "8"]
[EventCountry "ESP"]
[SourceTitle "EXT 2014"]
[Source "ChessBase"]
[SourceDate "2013.11.20"]
[SourceVersion "1"]
[SourceVersionDate "2013.11.20"]
[SourceQuality "1"]

1. d4 Nf6 2. Nf3 g6 3. Bf4 Bg7 4. e3 0-0 5. h3 d6 6. Be2 b6 7. Nbd2 Bb7 8. 0-0 Nbd7 9. Rc1 Re8 10. c3 e5 11. dxe5 dxe5 12. Bg5 e4 13. Nd4 c5 14. N4b3 Ne5 15. Qc2 Nd3 16. Rcd1 Qd5 17. Bxf6 Bxf6 18. Nxe4 Rxe4 19. Bxd3 Rxe3 20. fxe3 c4 21. Rxf6 cxd3 22. Rxd3 Qe4 23. Rfd6 Kg7 24. Qf2 Rf8 25. Nd2 1-0

[Event "Valladolid Social Federado Piolin"]
[Site "Valladolid"]
[Date "2012.06.28"]
[Round "14.8"]
[White "Fernandez de la Fuente, Jose Antonio"]
[Black "Santos Martinez, Guillermo"]
[Result "0-1"]
[WhiteElo "1766"]
[BlackElo "1678"]
[PlyCount "98"]
[EventDate "2012.05.14"]
[EventType "tourn"]
[EventRounds "17"]
[EventCountry "ESP"]
[SourceTitle "EXT 2024"]
[Source "ChessBase"]
[SourceDate "2023.10.10"]
[SourceVersion "1"]
[SourceVersionDate "2023.10.10"]
[SourceQuality "1"]

1. d4 d5 2. Nf3 e6 3. Bf4 Bd6 4. Bxd6 Qxd6 5. c3 Nf6 6. e3 0-0 7. Bd3 c5 8. dxc5 Qxc5 9. 0-0 b6 10. Nbd2 Ba6 11. Nb3 Qd6 12. Qe2 Bxd3 13. Qxd3 Nbd7 14. Rfd1 Nc5 15. Qc2 Nxb3 16. Qxb3 Rfd8 17. c4 dxc4 18. Rxd6 cxb3 19. Rxd8+ Rxd8 20. axb3 a5 21. Kf1 Kf8 22. Rc1 Ne4 23. Ke2 Nc5 24. Rc3 Ke7 25. Ne5 Rd5 26. Nc4 Ne4 27. Rc2 Rb5 28. Nd2 Nxd2 29. Kxd2 Rxb3 30. Kc1 Rb5 31. Rc7+ Kf6 32. Kc2 g5 33. Kc3 g4 34. Rc4 h5 35. b3 Kg5 36. Rc7 Rf5 37. Rc6 Rxf2 38. Rxb6 Rxg2 39. Rb5+ f5 40. Rxa5 Rxh2 41. b4 Re2 42. b5 Rxe3+ 43. Kc4 Re4+ 44. Kc3 Re5 45. Kc4 g3 46. Ra8 Rxb5 47. Kxb5 h4 48. Rg8+ Kf4 49. Kc4 h3 0-1

[Event "Valladolid Social Federado Piolin"]
[Site "Valladolid"]
[Date "2012.06.14"]
[Round "10.6"]
[White "Polo Ayuso, Marcos"]
[Black "Santos Martinez, Guillermo"]
[Result "1-0"]
[WhiteElo "1877"]
[BlackElo "1678"]
[PlyCount "125"]
[EventDate "2012.05.14"]
[EventType "tourn"]
[EventRounds "17"]
[EventCountry "ESP"]
[SourceTitle "EXT 2024"]
[Source "ChessBase"]
[SourceDate "2023.10.10"]
[SourceVersion "1"]
[SourceVersionDate "2023.10.10"]
[SourceQuality "1"]

1. e4 c6 2. d4 d5 3. exd5 cxd5 4. Bf4 Bf5 5. Nf3 Nf6 6. Nbd2 Nc6 7. c3 e6 8. Bb5 Bd6 9. Bxd6 Qxd6 10. Ne5 0-0 11. Ndf3 Bg4 12. Bxc6 bxc6 13. 0-0 Bxf3 14. Qxf3 c5 15. Ng4 Nxg4 16. Qxg4 cxd4 17. Qxd4 Rfd8 18. Rfe1 Rd7 19. Rad1 Rad8 20. b3 Qb6 21. f4 Qxd4+ 22. Rxd4 Kf8 23. c4 dxc4 24. Rxc4 Ke7 25. Kf2 Rd4 26. Rc7+ R8d7 27. Rxd7+ Kxd7 28. Ke3 Rd5 29. Rc1 Ra5 30. Rc2 Rd5 31. g4 h6 32. h4 g5 33. fxg5 hxg5 34. h5 Rb5 35. Rd2+ Ke7 36. Rd4 f5 37. Kf3 e5 38. Rc4 Ra5 39. a4 Rd5 40. gxf5 Rd3+ 41. Kg4 Rxb3 42. Kxg5 Rg3+ 43. Rg4 Rh3 44. Kg6 Kf8 45. Kf6 Rxh5 46. Kxe5 Rh7 47. Rg6 Rb7 48. Ra6 Kf7 49. Kd5 Re7 50. a5 Rd7+ 51. Rd6 Rb7 52. Kc5 Rb1 53. Rd7+ Kf6 54. Rxa7 Kxf5 55. Re7 Rc1+ 56. Kb6 Rb1+ 57. Ka7 Rb5 58. a6 Rb1 59. Rb7 Ra1 60. Rb6 Ke5 61. Kb7 Kd5 62. a7 Kc5 63. Rb2 1-0

[Event "Valladolid Social Federado Piolin"]
[Site "Valladolid"]
[Date "2012.06.04"]
[Round "7.6"]
[White "Santos Martinez, Guillermo"]
[Black "Garcia Corada, Pedro"]
[Result "0-1"]
[WhiteElo "1678"]
[BlackElo "2027"]
[PlyCount "56"]
[EventDate "2012.05.14"]
[EventType "tourn"]
[EventRounds "17"]
[EventCountry "ESP"]
[SourceTitle "EXT 2024"]
[Source "ChessBase"]
[SourceDate "2023.10.10"]
[SourceVersion "1"]
[SourceVersionDate "2023.10.10"]
[SourceQuality "1"]

1. e4 c6 2. d4 d5 3. Nc3 dxe4 4. Nxe4 Nf6 5. Nxf6+ gxf6 6. Nf3 Bf5 7. Bd3 Nd7 8. Bxf5 Qa5+ 9. Bd2 Qxf5 10. 0-0 Rg8 11. c4 e6 12. Bc3 0-0-0 13. Rc1 Bd6 14. b4 h5 15. d5 exd5 16. cxd5 Nb6 17. b5 Ba3 18. Nd4 Qxd5 19. Qf3 Qxf3 20. Nxf3 Bxc1 21. Rxc1 Nd5 22. h3 Nf4 23. Kh1 Ne2 24. Rc2 Rd1+ 25. Kh2 Nf4 26. g3 Nd5 27. bxc6 Rd3 28. cxb7+ Kxb7 0-1

[Event "Valladolid Social Federado Piolin"]
[Site "Valladolid"]
[Date "2012.05.28"]
[Round "5.7"]
[White "Santos Martinez, Guillermo"]
[Black "Fernandez Velasquez, Julian Felix"]
[Result "1-0"]
[WhiteElo "1678"]
[BlackElo "1884"]
[PlyCount "147"]
[EventDate "2012.05.14"]
[EventType "tourn"]
[EventRounds "17"]
[EventCountry "ESP"]
[SourceTitle "EXT 2024"]
[Source "ChessBase"]
[SourceDate "2023.10.10"]
[SourceVersion "1"]
[SourceVersionDate "2023.10.10"]
[SourceQuality "1"]

1. e4 d6 2. d4 g6 3. c4 Bg7 4. Nc3 Nc6 5. Be3 e5 6. Nf3 Bg4 7. d5 Nd4 8. Bxd4 exd4 9. Nb5 Bxf3 10. Qxf3 a6 11. Na3 Nf6 12. Bd3 Nd7 13. 0-0 0-0 14. Rac1 Qg5 15. Qg3 Qd2 16. Rc2 Qh6 17. f4 Rae8 18. b4 Nf6 19. Qf3 Qh4 20. h3 Re7 21. Re2 Rfe8 22. Nc2 Nh5 23. Kh2 Bh8 24. g3 Qf6 25. Qf2 Qg7 26. g4 Nf6 27. Qxd4 Nxg4+ 28. hxg4 Qh6+ 29. Kg3 Bxd4 30. Nxd4 Qg7 31. Nc2 Qc3 32. Rf3 a5 33. b5 Kg7 34. Kf2 a4 35. Kg3 Rh8 36. Kh4 h6 37. Rg3 Qf6+ 38. Kh3 Qxf4 39. Ree3 h5 40. g5 Qe5 41. Ref3 h4 42. Rg4 Rh5 43. Ne3 Rd7 44. Rg2 Kg8 45. Ng4 Kg7 46. Nxe5 dxe5 47. Rg4 b6 48. Rf1 Rd8 49. Bc2 a3 50. Rf3 Ra8 51. c5 Ra5 52. cxb6 cxb6 53. Bd3 Ra7 54. Bc4 Rc7 55. Rc3 Rh8 56. Rg1 Rhc8 57. Rgc1 Rc5 58. Kxh4 Rh8+ 59. Kg4 Rh2 60. R1c2 Rh1 61. Bd3 Rg1+ 62. Kf3 Rxc3 63. Rxc3 Rxg5 64. Rc6 f5 65. Rxb6 Rh5 66. d6 Rh8 67. d7 f4 68. Rd6 Rd8 69. b6 Kf7 70. b7 Ke7 71. Rd5 Rh8 72. d8Q+ Rxd8 73. Rxd8 Kxd8 74. b8Q+ 1-0